00649nam a2200121Ia 4500008004100000020001800041100003500059245011200094260002700206650022800233650002200461856004400483171212s9999 xx 000 0 und d a9780833033215 aLevin, Norman D.;Han, Yong-Sup cLevin, Norman D.;Han, Yong-SupaSunshine in KoreabThe South Korean Debate over Policies Toward North Korea bRAND Corporationc2002 aKorea (South) -- Politics and government -- 1988–; Korea (South) -- Foreign relations -- Korea (North); Korea (North) -- Foreign relations -- Korea (South); Kim, Dae Jung, 1925–; Korean reunification question (1945– ) aPolitical Science uwww.jstor.org/stable/10.7249/mr1555capp